000 00962 a2200193 4500
003 Nust
005 20220803154533.0
010 _a 95049050
020 _a0024101729
040 _cNust
082 0 0 _a621.3692,SHO
100 1 _aShotwell, R. Allen.
_996465
245 1 2 _aAn introduction to fiber optics /
_cR. Allen Shotwell.
260 _aUpper Saddle River, N.J. :
_bPrentice Hall,
_cc1997.
300 _ax, 173 p. :
_bill. ;
_c24 cm.
505 _aAn Introduction To Optical Fiber (Page-2), The Physics Of Light (Page-12), Light Propagation (Page-32), Types Of Optical Fiber And Their Properties (Page-44), Light Sources For Optical Fibers (Page-60), Optical Detectors (Page-80), Splices, Connectors, Cables And Other Components (Page-92), Fundamentals Of Communications (Page-108), Communications Applications For Optical Fiber (Page-120), Optical Fiber Measurement And Testing (Page-134).
650 0 _aTelecommunication Engineering.
942 _2ddc
_cBK
999 _c175646
_d175646